000 00302nam a22001337a 4500
008 181024b xxu||||| |||| 00| 0 eng d
020 _a9780201599824
041 _aeng
080 _a621
100 _a27
101 _aeng
245 _aFundamentals Fluid Mechanics
_cGerhart.P.M
942 _2udc
_cBK
999 _c50779
_d50779